000
00282nam a22001337a 4500
008
170313b xxu||||| |||| 00| 0 eng d
020
_a
0871509199
041
_a
eng
080
_a
591
100
_a
7
101
_a
SHM
245
_a
ANIMAL BEHAVIOR
_c
DRICKAMER.C.L
942
_2
udc
_c
BK
999
_c
7686
_d
7686